| 000 | 00749cam a2200265 4500 | ||
|---|---|---|---|
| 008 | 090401t1992 xxu||||| |||| 00| 0 eng d | ||
| 020 | _a1857120086 | ||
| 035 | _a(Sirsi) u45069 | ||
| 041 | _aeng | ||
| 050 | _a657.3 | ||
| 110 |
_aAccounting Standards Board _93454 |
||
| 240 | _aFRS 2 | ||
| 245 | _aAccounting for subsidiary undertakings. | ||
| 260 |
_aMilton Keynes _bAccountancy Standard Board _c1992 |
||
| 300 |
_a62p. _c21cm. |
||
| 350 | _a5 | ||
| 490 |
_aASB Financial Reporting Standard _v2 |
||
| 650 | _aACCOUNTANCY | ||
| 650 | _aCOMPANY ACCOUNTS | ||
| 650 | _aCONSOLIDATED FINANCIAL STATEMENTS | ||
| 650 | _aSUBSIDARY UNDERTAKINGS | ||
| 690 | _aPROPERTY-PROPERTY FINANCE AND INVESTMENT | ||
| 942 | _n0 | ||
| 948 | _c04/03/1997 | ||
| 999 |
_c91640 _d91640 |
||